00226nam a2200109Ia 4500100002600000654001500026245001500041260002900056082001100085300000800096546001200104 aUniversity of Mumbai  aCompendium aCompendium bUniversityaBombayc1994 a378.07 a728 aENGLISH